[Event "ESP-chT CECLUB Div2 Gp1"]
[Site "Padron"]
[Date "2012.08.10"]
[Round "4.2"]
[White "Pazos Porta, Antonio"]
[Black "Garcia Melgar, Juan Pablo"]
[Result "1-0"]
[WhiteElo "2334"]
[BlackElo "2307"]
[PlyCount "59"]
[EventDate "2012.08.08"]
[EventType "team-swiss"]
[EventRounds "6"]
[EventCountry "ESP"]
[SourceTitle "CBM 149 Extra"]
[Source "ChessBase"]
[SourceDate "2012.08.24"]
[SourceVersion "1"]
[SourceVersionDate "2012.08.24"]
[SourceQuality "1"]
[WhiteTeam "Circulo Perrolano"]
[BlackTeam "Algalia"]
[WhiteTeamCountry "ESP"]
[BlackTeamCountry "ESP"]

1. e4 e5 2. Nf3 Nc6 3. Bb5 Nd4 4. Nxd4 exd4 5. d3 c6 6. Bc4 d5 7. exd5 cxd5 8. Bb5+ Bd7 9. Bxd7+ Qxd7 10. 0-0 Bc5 11. Bg5 Ne7 12. Nd2 0-0 13. Nb3 Bb6 14. Bxe7 Qxe7 15. Re1 Qd7 16. Qd2 Rac8 17. Re2 Rc6 18. Rae1 Qc8 19. g3 h6 20. a4 a6 21. Qb4 Rd8 22. a5 Bc5 23. Nxc5 Rxc5 24. Qb6 Rb5 25. Qxd4 Rxa5 26. c3 Rc5 27. Kg2 Rc6 28. Re7 Re6 29. R1xe6 fxe6 30. Qf4 1-0

[Event "ESP-chT1"]
[Site "Mondariz"]
[Date "2002.??.??"]
[Round "3"]
[White "Oms Pallisse, Josep"]
[Black "Garcia Melgar, Juan Pablo"]
[Result "1/2-1/2"]
[WhiteElo "2453"]
[BlackElo "2323"]
[PlyCount "53"]
[EventDate "2002.09.04"]
[EventType "team"]
[EventRounds "6"]
[EventCountry "ESP"]
[SourceTitle "CBM 090 Extra"]
[Source "ChessBase"]
[SourceDate "2002.11.07"]
[SourceVersion "1"]
[SourceVersionDate "2002.11.07"]
[SourceQuality "1"]

1. d4 Nf6 2. c4 g6 3. Nc3 Bg7 4. e4 d6 5. Be2 0-0 6. Nf3 c5 7. 0-0 cxd4 8. Nxd4 Nc6 9. Nc2 Nd7 10. Bd2 Nc5 11. b3 Bxc3 12. Bxc3 Nxe4 13. Bb2 Qa5 14. Bf3 Ng5 15. Bd5 Ne6 16. Re1 Bd7 17. b4 Qc7 18. Qd2 Ng7 19. b5 Ne5 20. Ne3 Be6 21. Rac1 Nd7 22. Ng4 Bxg4 23. Rxe7 Qd8 24. Rxd7 Qe8 25. Re1 Be6 26. Qc3 f6 27. Rxd6 1/2-1/2

[Event "ESP-chT"]
[Site "Barcelona"]
[Date "2000.08.13"]
[Round "9"]
[White "Baron Rodriguez, Jesus"]
[Black "Garcia Melgar, Juan Pablo"]
[Result "0-1"]
[WhiteElo "2384"]
[BlackElo "2291"]
[PlyCount "143"]
[EventDate "2000.08.05"]
[EventType "team"]
[EventRounds "9"]
[EventCountry "ESP"]
[SourceTitle "CBM 077 Extra"]
[Source "ChessBase"]
[SourceDate "2000.09.14"]
[SourceVersion "1"]
[SourceVersionDate "2000.09.14"]
[SourceQuality "1"]

1. e4 c5 2. Nf3 d6 3. d4 cxd4 4. Nxd4 Nc6 5. c4 Nf6 6. Nc3 g6 7. Be2 Bg7 8. Be3 0-0 9. Rc1 Bd7 10. f3 Nxd4 11. Bxd4 a5 12. b3 Bc6 13. 0-0 Nd7 14. Be3 Nc5 15. Qd2 Be5 16. Rfd1 Qb6 17. Nd5 Bxd5 18. exd5 Qb4 19. Bf1 Rfe8 20. Qf2 Bg7 21. Kh1 Rac8 22. Bd2 Qb6 23. Rb1 e5 24. a3 Qd8 25. b4 axb4 26. axb4 Nd7 27. Be3 e4 28. f4 b6 29. Rdc1 Qe7 30. Rb3 Ra8 31. h3 Qf6 32. Rbb1 Ra3 33. c5 dxc5 34. Bb5 Rd8 35. Bxd7 Rxd7 36. bxc5 bxc5 37. Rb8+ Rd8 38. Rxd8+ Qxd8 39. Rxc5 Qd7 40. d6 h5 41. Rd5 Rd3 42. Rxd3 exd3 43. Bd2 Qxd6 44. Qe3 Qd5 45. Qe8+ Kh7 46. Qe3 Bf6 47. Qe8 Kg7 48. Qe3 h4 49. Kh2 Qd4 50. Qe1 Qa1 51. Qxa1 Bxa1 52. g4 hxg3+ 53. Kxg3 f5 54. Kf3 Bd4 55. Bc1 Kf6 56. Be3 Bc3 57. Bb6 Ke6 58. Ke3 d2 59. Ke2 Kd5 60. Bc7 Ke4 61. Bb8 Bd4 62. Kxd2 Be3+ 63. Ke2 Bxf4 64. Ba7 Be5 65. Bb6 Bd4 66. Bc7 Be3 67. Bd6 Bd4 68. Bc7 f4 69. Bd6 f3+ 70. Kf1 Kf5 71. Bg3 Be5 72. Bh4 0-1

[Event "ESP-chT"]
[Site "Barcelona"]
[Date "2000.08.08"]
[Round "4"]
[White "Mullor Gomez, Luis"]
[Black "Garcia Melgar, Juan Pablo"]
[Result "1/2-1/2"]
[WhiteElo "2331"]
[BlackElo "2291"]
[PlyCount "123"]
[EventDate "2000.08.05"]
[EventType "team"]
[EventRounds "9"]
[EventCountry "ESP"]
[SourceTitle "CBM 077 Extra"]
[Source "ChessBase"]
[SourceDate "2000.09.14"]
[SourceVersion "1"]
[SourceVersionDate "2000.09.14"]
[SourceQuality "1"]

1. e4 c5 2. f4 a6 3. Nf3 Nc6 4. Nc3 e6 5. g3 d5 6. d3 dxe4 7. Nxe4 Nf6 8. Nxf6+ Qxf6 9. Bg2 Qd8 10. 0-0 Be7 11. c3 0-0 12. Qe2 Qc7 13. Be3 b6 14. d4 Bb7 15. dxc5 Bxc5 16. Bxc5 bxc5 17. Rad1 a5 18. Qe3 Ne7 19. Qe5 Qc8 20. Rf2 Bd5 21. Ne1 Rb8 22. Bxd5 Nxd5 23. Ng2 a4 24. f5 Nf6 25. Ne3 Re8 26. Qf4 Qc6 27. Nc4 exf5 28. Qxf5 Re6 29. Ne5 Qe8 30. Nc4 Qc6 31. Qf3 Qc7 32. Rfd2 h6 33. Qf4 Qxf4 34. gxf4 Re4 35. Rd8+ Rxd8 36. Rxd8+ Kh7 37. Nd6 Rxf4 38. Nxf7 Ng4 39. Nd6 Ne3 40. h3 Rf1+ 41. Kh2 Rb1 42. Kg3 Rxb2 43. a3 Rb3 44. Ne4 Rxa3 45. Nxc5 Ra2 46. Kf3 Nf5 47. Kg4 Kg6 48. Ra8 Ne3+ 49. Kf3 Nd1 50. Rxa4 Nxc3 51. Rxa2 Nxa2 52. Ne4 Nb4 53. Kf4 Nd5+ 54. Kg3 Kf5 55. Nd6+ Ke6 56. Ne4 Ke5 57. Nd2 Nf6 58. Nf3+ Ke4 59. Nh4 Nd7 60. Ng2 Ne5 61. Nf4 Kf5 62. Ng2 1/2-1/2

[Event "ESP-chTB"]
[Site "Ponferrada"]
[Date "1997.??.??"]
[Round "1"]
[White "Garcia Melgar, Juan Pablo"]
[Black "Brito Garcia, Alfredo"]
[Result "0-1"]
[WhiteElo "2225"]
[BlackElo "2375"]
[PlyCount "54"]
[EventDate "1997.??.??"]
[EventType "team"]
[EventRounds "9"]
[EventCountry "ESP"]
[SourceTitle "EXT 2002"]
[Source "ChessBase"]
[SourceDate "2001.11.25"]
[SourceVersion "1"]
[SourceVersionDate "2001.11.25"]
[SourceQuality "1"]

1. e4 g6 2. d4 Bg7 3. Nc3 d6 4. Be3 c6 5. Qd2 b5 6. Bd3 Nd7 7. Nf3 Bb7 8. h3 a6 9. 0-0 c5 10. Rfe1 cxd4 11. Nxd4 Ngf6 12. Bh6 0-0 13. Bxg7 Kxg7 14. Nb3 Rc8 15. f4 Nb6 16. Qe2 Nc4 17. Nd1 e5 18. f5 gxf5 19. exf5 Kh6 20. Kh2 Rg8 21. Rg1 Ng4+ 22. Kg3 Nge3+ 23. Kh2 Qg5 24. g4 Nxd1 25. Bxc4 Ne3 26. Bd3 e4 27. Rae1 Qf4+ 0-1

[Event "ESP-chTB"]
[Site "Oropesa del Mar"]
[Date "1996.??.??"]
[Round "9"]
[White "Garcia Melgar, Juan Pablo"]
[Black "Gonzalez Velez, Fermin"]
[Result "1/2-1/2"]
[WhiteElo "2245"]
[BlackElo "2415"]
[PlyCount "102"]
[EventDate "1996.??.??"]
[EventType "team-swiss"]
[EventRounds "9"]
[EventCountry "ESP"]
[SourceTitle "EXT 1998"]
[Source "ChessBase"]
[SourceDate "1997.11.17"]
[SourceVersion "1"]
[SourceVersionDate "1997.11.17"]
[SourceQuality "1"]

1. e4 c5 2. Nf3 a6 3. g3 b5 4. Bg2 Bb7 5. d3 d6 6. 0-0 e6 7. h3 Nd7 8. Qe2 Rc8 9. Nh2 Ngf6 10. f4 e5 11. Nc3 Be7 12. Bd2 0-0 13. Nd1 c4 14. Ne3 d5 15. Nxd5 Nxd5 16. exd5 cxd3 17. cxd3 exf4 18. Bxf4 Bc5+ 19. Kh1 Nb6 20. d6 Bxg2+ 21. Qxg2 Bxd6 22. Rad1 Bxf4 23. Rxf4 Nc4 24. Qf2 Qd5+ 25. Kg1 Ne5 26. d4 Ng6 27. Rf3 Qxa2 28. d5 Ne5 29. Ra3 Qc4 30. Rc3 Qa4 31. b3 Qb4 32. Re3 Qd6 33. Nf3 Nd7 34. Nh4 g6 35. Rf3 Rc5 36. Qd2 Ne5 37. Rc3 Nd7 38. Ng2 Rfc8 39. Rxc5 Nxc5 40. Qe3 Nd7 41. Nf4 Nf6 42. Qf3 Re8 43. Rf1 Qc5+ 44. Kh2 Re3 45. Qf2 Ne4 46. Ne6 Qa7 47. Rc1 h5 48. Rc8+ Kh7 49. Qb2 Rc3 50. Rxc3 Nxc3 51. Ng5+ Kg8 1/2-1/2

[Event "La Coruna op"]
[Site "La Coruna"]
[Date "1996.??.??"]
[Round "?"]
[White "Garcia Melgar, Juan Pablo"]
[Black "Paunovic, Dragan"]
[Result "0-1"]
[WhiteElo "2245"]
[BlackElo "2495"]
[PlyCount "74"]
[EventDate "1996.07.??"]
[EventType "swiss"]
[EventRounds "9"]
[EventCountry "ESP"]
[SourceTitle "EXT 1997"]
[Source "ChessBase"]
[SourceDate "1996.11.15"]
[SourceVersion "1"]
[SourceVersionDate "1996.11.15"]
[SourceQuality "1"]

1. d4 Nf6 2. Nf3 g6 3. g3 Bg7 4. Bg2 0-0 5. 0-0 d5 6. Nbd2 c6 7. b3 Bf5 8. Bb2 Ne4 9. c4 Nd7 10. Nh4 Nxd2 11. Qxd2 Be6 12. cxd5 cxd5 13. Rfd1 Qb6 14. Ba3 Rfe8 15. Rac1 Nb8 16. Bc5 Qd8 17. Ba3 Nc6 18. e3 Bg4 19. Re1 Bf6 20. h3 Be6 21. Nf3 Bf5 22. Nh2 e5 23. dxe5 Nxe5 24. g4 Be6 25. Red1 Qd7 26. Bxd5 Rad8 27. e4 Qb5 28. Qf4 Nd7 29. Nf3 Qa6 30. Bb4 Bxd5 31. Rxd5 Nf8 32. Rcd1 Rxd5 33. exd5 Nd7 34. Rd2 Ne5 35. Rd1 Qe2 36. Qxf6 Qxd1+ 37. Ne1 Nf3+ 0-1

[Event "Nigran op"]
[Site "Nigran"]
[Date "1996.??.??"]
[Round "?"]
[White "Garcia Melgar, Juan Pablo"]
[Black "Rodriguez Lopez, Rafael"]
[Result "0-1"]
[WhiteElo "2245"]
[BlackElo "2290"]
[PlyCount "76"]
[EventDate "1996.??.??"]
[EventType "swiss"]
[EventRounds "9"]
[EventCountry "ESP"]
[SourceTitle "EXT 2003"]
[Source "ChessBase"]
[SourceDate "2002.11.25"]
[SourceVersion "1"]
[SourceVersionDate "2002.11.25"]
[SourceQuality "1"]

1. d4 Nf6 2. Nf3 e6 3. Bg5 c5 4. e3 Be7 5. Bd3 b6 6. 0-0 Bb7 7. Nbd2 Nc6 8. c3 0-0 9. a3 cxd4 10. cxd4 d6 11. e4 e5 12. d5 Nb8 13. Bxf6 Bxf6 14. Qe2 a6 15. Nc4 b5 16. Ne3 Nd7 17. b4 Nb6 18. Rfc1 Qd7 19. Ra2 g6 20. Rac2 Bd8 21. g4 Kg7 22. Qd2 h5 23. h3 Rh8 24. Kf1 hxg4 25. hxg4 Qe7 26. Ke2 Bc8 27. Rg1 Nd7 28. g5 Nf8 29. Qc1 Bd7 30. Nf5+ gxf5 31. exf5 Kg8 32. Nd2 e4 33. Bxe4 Bxf5 34. f3 Rh2+ 35. Kd3 Ng6 36. Kc3 Rc8+ 37. Kb3 Rxc2 38. Bxc2 Qe3+ 0-1

[Event "La Coruna op"]
[Site "La Coruna"]
[Date "1996.??.??"]
[Round "?"]
[White "Rodriguez Lopez, Rafael"]
[Black "Garcia Melgar, Juan Pablo"]
[Result "1-0"]
[WhiteElo "2410"]
[BlackElo "2245"]
[PlyCount "137"]
[EventDate "1996.07.??"]
[EventType "swiss"]
[EventRounds "9"]
[EventCountry "ESP"]
[SourceTitle "EXT 1997"]
[Source "ChessBase"]
[SourceDate "1996.11.15"]
[SourceVersion "1"]
[SourceVersionDate "1996.11.15"]
[SourceQuality "1"]

1. Nf3 d6 2. e4 c5 3. Bb5+ Nd7 4. 0-0 Ngf6 5. Re1 a6 6. Bf1 e6 7. c3 Be7 8. d4 0-0 9. Bf4 b6 10. Nbd2 cxd4 11. cxd4 Bb7 12. Bd3 h6 13. h3 Re8 14. Nf1 e5 15. Bh2 exd4 16. Nxd4 Nc5 17. Ng3 Bf8 18. f3 d5 19. e5 Nfd7 20. f4 Nxd3 21. Qxd3 Nc5 22. Qf3 Ne4 23. Rad1 b5 24. Kh1 Qb6 25. Bg1 Qc7 26. Ngf5 g6 27. Ne3 Qe7 28. Bh2 Bg7 29. Rf1 Kh7 30. Ng4 h5 31. Nf2 Qb4 32. Nb3 Rac8 33. Nd3 Qe7 34. f5 Qh4 35. e6 Ng5 36. Qf4 Qxf4 37. Bxf4 Ne4 38. exf7 Rf8 39. fxg6+ Kxg6 40. Be5 Rxf7 41. Rxf7 Kxf7 42. Bxg7 Kxg7 43. Kg1 Rc7 44. Nd4 Rc4 45. Nf4 Kh6 46. h4 Bc8 47. b3 Rc5 48. Re1 Nf6 49. Kf2 Rc7 50. Ke3 Bg4 51. a3 Kh7 52. Kd3 Kg8 53. Re5 Rc1 54. Nxd5 Kf7 55. Nxf6 Kxf6 56. Rd5 Rg1 57. Ke4 Rxg2 58. Rd6+ Ke7 59. Rxa6 Bd7 60. Nf5+ Kf7 61. Ra7 Ke6 62. Nd4+ Kd6 63. Ra6+ Kc5 64. b4+ Kc4 65. Rd6 Be8 66. Nf5 Bg6 67. Kf3 Bxf5 68. Kxg2 Kb3 69. Kg3 1-0

[Event "Nigran op"]
[Site "Nigran"]
[Date "1994.??.??"]
[Round "6"]
[White "Adla, Diego Gustavo"]
[Black "Garcia Melgar, Juan Pablo"]
[Result "1-0"]
[WhiteElo "2415"]
[BlackElo "2285"]
[PlyCount "79"]
[EventDate "1994.??.??"]
[EventType "swiss"]
[EventRounds "9"]
[EventCountry "ESP"]
[SourceTitle "EXT 2004"]
[Source "ChessBase"]
[SourceDate "2003.11.25"]
[SourceVersion "1"]
[SourceVersionDate "2003.11.25"]
[SourceQuality "1"]

1. e4 c5 2. Nf3 Nc6 3. d4 cxd4 4. Nxd4 e5 5. Nb5 d6 6. N1c3 a6 7. Na3 b5 8. Nd5 Be7 9. c4 b4 10. Nc2 Rb8 11. Bd2 Nf6 12. Bd3 a5 13. Nxf6+ Bxf6 14. 0-0 0-0 15. b3 Bg5 16. Be1 Bf4 17. a3 Qf6 18. axb4 axb4 19. Kh1 Bd7 20. Be2 Qg6 21. Ra6 f5 22. g3 Bg5 23. Qd5+ Kh8 24. Rxc6 Bxc6 25. Qxc6 fxe4 26. Qd5 Rf6 27. Nxb4 h5 28. Na2 h4 29. Nc3 hxg3 30. hxg3 Qh7+ 31. Kg2 Rh6 32. Qxe4 Rh2+ 33. Kg1 Qh6 34. b4 Rf8 35. b5 Rf4 36. gxf4 Bxf4 37. Qa8+ Kh7 38. Bd3+ g6 39. Qb7+ Kg8 40. Qc8+ 1-0